000 00338 a2200157 4500
001 156733
020 _a978019441074
040 _cEscola São Tomás de Aquino
100 _aWRIGHT, Craig
240 1 0 _aThe Tough Task
_leng
245 1 0 _aThe Tough Task
300 _a34
362 0 _a2014
697 _aLíngua inglesa
942 _cBK
999 _c156733
_d156733